000 01087nam a22003257a 4500
003 CHAP
005 20220329140044.0
008 971013s1983 r 00010 d
010 _a46322
011 _a47294
035 _a51436
040 _cCHAP
090 _aFolleto 8242
100 0 0 _aPerera, Eddy T.
_987132
245 _aCombate contra las pudriciones de postcosecha en naranjas (Citrus sinensis Osbeck, var. Valencia)
260 _a(La Habana) :
_bAcademia de Ciencias de Cuba,
_c1983
300 _a13 p.
490 _aReporte de investigación
_v; 11
590 _aBATCH-UPD
_b10
_c20130110
_lUCH01
_h1744
590 _aBATCH-UPD
_b10
_c20130410
_lUCH01
_h1123
590 _aBATCH-UPD
_b10
_c20130914
_lUCH01
_h1836
590 _aCONVERSION
_b10
_c20130109
_lUCH01
_h1325
650 1 4 _aNaranja
_xEnfermedades.
_980155
650 1 4 _aPudrición de la raíz
_xNaranja.
_992854
700 0 _aAcademia de Ciencias de Cuba.
_9363
830 0 _aReporte de investigación
_v; 11
_996000
901 _aBK
942 _cFOLL
949 _aFolleto 8242
_bBC
_cFOLL
_d-115067
_eTS1
_i51436
_mD
_si
999 _c46322
_d46322